| 000 | 00624nam a2200181 i 4500 | ||
|---|---|---|---|
| 001 | 143303 | ||
| 003 | ES-MaACL | ||
| 005 | 20230906200757.0 | ||
| 007 | t| | ||
| 008 | 070214s1963 sp r ||||1| spa d | ||
| 100 | 1 |
_aSerra Ruiz, Rafael. _9105657 |
|
| 245 | 1 | 3 |
_aEl pensamiento social-político del cardenal Belluga / _cRafael Serra Ruiz. |
| 260 |
_aMurcia : _bPatronato de Cultura de la Diputación, _c1963 ( _fImp. Provincial) |
||
| 300 |
_a8 h., 446 p., 3 h. de lám. ; _c24 cm. |
||
| 600 | 1 | 4 |
_aBelluga y Moncada, Luis. _927285 |
| 710 | 2 |
_aPatronato Provincial de Cultura (Murcia) _96196 |
|
| 852 |
_aES-MaACL _jC-23946 |
||
| 999 |
_c143303 _d143303 |
||